Hóa học đại cương 1: Cấu tạo chất

সংরক্ষণ করুন:
গ্রন্থ-পঞ্জীর বিবরন
প্রধান লেখক: Trần Thành Huế (Tác giả)
বিন্যাস: গ্রন্থ
ভাষা:Vietnamese
প্রকাশিত: H. Đại học Sư phạm 2003
বিষয়গুলি:
ট্যাগগুলো: ট্যাগ যুক্ত করুন
কোনো ট্যাগ নেই, প্রথমজন হিসাবে ট্যাগ করুন!
Thư viện lưu trữ: Mạng thư viện Đại học Đà Nẵng
LEADER 01125nam a2200337 4500
001 000008507
003 4697
005 20120313140309.0
008 111019s2003 viesd
020 |c 0đ 
041 0 |a vie 
082 |a 540  |b TR-H 
100 0 |a Trần Thành Huế  |e Tác giả 
245 0 |a Hóa học đại cương 1: Cấu tạo chất  |c Trần Thành Huế 
260 |a H.  |b Đại học Sư phạm  |c 2003 
300 |a 487 tr.  |c 24 cm 
500 |a Dùng cho các trường Cao đẳng Sư phạm 
653 |a Hóa học đại cương 
653 |a Cấu tạo chất 
700 |a Trần Thành Huế  |e Tác giả 
910 |a duyên  |d 19/10/2011 
OWN |a LSP 
AVA |a UDN50  |b LSP  |d 540 TR-H  |e available  |t Error 5001 Not defined in file expand_doc_bib_avail.  |f 7  |g 0  |h N  |i 0  |k 1 
999 |a From the UDN01 
AVA |a UDN50  |b LSP  |d 540 TR-H  |e available  |t Error 5001 Not defined in file expand_doc_bib_avail.  |f 7  |g 0  |h N  |i 0  |k 1 
TYP |a Monograph 
TYP |a Printed language 
980 |a Mạng thư viện Đại học Đà Nẵng